000 00565nam a22002057a 4500
003 koha_MIRAKIL
005 20231213065318.0
008 231213b |||||||| |||| 00| 0 ||| d
020 _b978-9-75510082-1
040 _aTR-IsEVY
_btur
_cTR-IsEVY
082 _a843 GUI/B
100 _aGuillot, René.
245 0 _aBeyaz yele
250 _a17. bs.
260 _bCan Sanat Yayınları,
_c2008
300 _a116 s.
650 _aFransız edebiyatı -- Roman -- Dünya klasikleri.
650 _aFrench literature -- Fiction -- World classics.
942 _2ddc
_cBK
999 _c1549
_d1549